00780nam a22002175i 450000500170000001000130001702000260003003500130005603700140006908200080008310000190009124500730011026000270018327000570021030000440026749000260031170000190033794200220035699900190037895201650039720180807124026.0 aB-701226 a9789357940672c295.00 aB-701226 bDBADadpl a0051 aMehra, Navneet10aNational cyber Olympiad - 9 /cby Navneet Mehra [and ] Ishita Bhown  bV & S Publishersc2016 aF-2/16, Ansari Road, Darya Ganj bNew Delhi e110002 a209 p ;b24cm (pbk) cIllus.eC.D.Rome aThe Gen. X series v9 aBhown, Ishita  2ddccCHh005mMEH c155618d155618 001040708NFICaAVbAVd2018-08-07eDBAD/Children/Gift/02.08.2018g295.00l3m0o005 MEHpB-701226r2023-05-26 00:00:00s2023-05-13t1v295.00w2018-08-07yCH